000 00718cam a2200205 a 4500
020 _a0072843837 (softcover : alk. paper)
040 _cDLC
082 0 0 _a796 MCG 2006 A088 Or.
245 0 0 _aApplied sport psychology :
_bpersonal growth to peak performance /
250 _a5th ed.
260 _aBoston :
_bMcGraw-Hill,
_c2006.
300 _axxviii, 647, I-26 p. ;
_c24 cm.
650 0 _aSports
650 0 _aCoaching (Athletics)
700 1 _aWilliams, Jean M.
856 4 2 _uhttp://www.loc.gov/catdir/enhancements/fy0625/2005050509-d.html
856 4 1 _uhttp://www.loc.gov/catdir/enhancements/fy0625/2005050509-t.html
856 4 2 _uhttp://www.loc.gov/catdir/enhancements/fy0737/2005050509-b.html
942 _cEK
999 _c15192
_d15192